| 000 | 00504nam a2200181Ia 4500 | ||
|---|---|---|---|
| 001 | 7700 | ||
| 005 | 20260306160514.0 | ||
| 008 | 260306t2015||||xx |||||||||||||| ||spa|| | ||
| 041 | _aESP | ||
| 082 |
_a354.328 _bO65R |
||
| 100 |
_aOrganismo de Evaluación y Fiscalización Ambiental _eAUT |
||
| 245 | 0 | _aManual de competencias en fiscalización ambiental para gobiernos regionales | |
| 260 | _c2015 | ||
| 300 |
_a90 páginas : _c24 cm. |
||
| 650 | _aGEN | ||
| 654 | _aCIA | ||
| 942 |
_cLIB _dJUS _fJUS _2ddc _n |
||
| 999 |
_c7700 _d7700 |
||